|
|
|
|
| LEADER |
00000nam0a2200000 4500 |
| 001 |
335423 |
| 005 |
20231102004743.0 |
| 035 |
|
|
|a (RuTPU)RU\TPU\book\361794
|
| 090 |
|
|
|a 335423
|
| 100 |
|
|
|a 20170922d1947 k y0rusy50 ca
|
| 101 |
0 |
|
|a rus
|
| 102 |
|
|
|a RU
|
| 105 |
|
|
|a y z 001zy
|
| 200 |
1 |
|
|a Определение малых количеств мышьяка путем восстановления металлами
|e отдельный оттиск
|f М. Т. Козловский, Р. З. Вагапова, Н. Н. Завалищева
|
| 210 |
|
|
|a Москва
|c [Б. и.]
|d 1947
|
| 215 |
|
|
|a 6 с.
|
| 225 |
1 |
|
|a Заводская лаборатория
|v Т. 13, № 5
|
| 320 |
|
|
|a Библиогр. в конце ст.
|
| 606 |
1 |
|
|a Мышьяк
|x Химический анализ
|2 stltpush
|3 (RuTPU)RU\TPU\subj\44653
|9 63954
|
| 610 |
1 |
|
|a неорганическая химия
|
| 610 |
1 |
|
|a металлы
|
| 610 |
1 |
|
|a восстановление
|
| 610 |
1 |
|
|a оттиски
|
| 610 |
1 |
|
|a библиотека А. Г. Стромберга
|
| 675 |
|
|
|a 546.19
|v 4
|
| 700 |
|
1 |
|a Козловский
|b М. Т.
|
| 701 |
|
1 |
|a Вагапова
|b Р. З.
|
| 701 |
|
1 |
|a Завалищева
|b Н. Н.
|
| 801 |
|
1 |
|a RU
|b 63413507
|c 20170922
|
| 801 |
|
2 |
|a RU
|b 63413507
|c 20171213
|g RCR
|
| 942 |
|
|
|c BK
|